| 000 | 00712nam a22002177a 4500 | ||
|---|---|---|---|
| 007 | 00 | ||
| 008 | 160623b xxu||||| |||| 00| 0 eng d | ||
| 020 | _a978-2-10-060007-6 | ||
| 040 |
_aBUAC _cBUC |
||
| 041 | _aFre. | ||
| 100 | _aCallies, Sophie | ||
| 245 |
_aPME : Gagnez en compétitivité grâce à votre marketing : _bcomment réconcillier le marketing avec la petite entreprise _c/ par Sophie Callies, François Laurent |
||
| 260 |
_aParis : _bDunod, _c2013 |
||
| 300 |
_a188 p. _bCouv. en coul _c22 cm. |
||
| 440 | _a( Collection Entrepreneurs) | ||
| 521 | _aIndex. pp. (187 - 188). | ||
| 630 | _aSCIENCES APPLIQUEES | ||
| 650 |
_aMarketing _919825 |
||
| 700 | _aLaurent, François | ||
| 942 | _cLIV | ||
| 999 |
_c54687 _d54687 |
||